Central Library OPAC University of Rajshahi

Human heredity and birth defects / (Record no. 6018)

MARC details
000 -LEADER
fixed length control field 00761cam a2200265 4500
001 - CONTROL NUMBER
control field 6018
003 - CONTROL NUMBER IDENTIFIER
rucl marc code BD-RjUL
005 - DATE AND TIME OF LATEST TRANSACTION
control field 20211208234153.0
008 - FIXED-LENGTH DATA ELEMENTS--GENERAL INFORMATION
fixed length control field 140108r19721971nyua b 001 0 eng
020 ## - INTERNATIONAL STANDARD BOOK NUMBER
International Standard Book Number 085006898 X
035 ## - SYSTEM CONTROL NUMBER
System control number (BD-RjUL)6057
040 ## - CATALOGING SOURCE
Original cataloging agency DLC
Transcribing agency DLC
Modifying agency BD-RjUL
Language of cataloging eng
041 ## - LANGUAGE CODE
Language code of text/sound track or separate title eng
082 00 - DEWEY DECIMAL CLASSIFICATION NUMBER
Classification number 616.042
Author mark and year VOH 1972
100 1# - MAIN ENTRY--PERSONAL NAME
Personal name Volpe, E. Peter
Fuller form of name (Erminio Peter)
9 (RLIN) 18927
245 10 - TITLE STATEMENT
Title Human heredity and birth defects /
Statement of responsibility, etc. E. Peter Volpe.
260 ## - PUBLICATION, DISTRIBUTION, ETC. (IMPRINT)
Place of publication, distribution, etc. New York :
Name of publisher, distributor, etc. Pegasus,
Date of publication, distribution, etc. 1971 [reprint 172].
300 ## - PHYSICAL DESCRIPTION
Pagination 166 p. :
Illustrations illus. ;
Size 21 cm.
490 0# - SERIES STATEMENT
Series statement The Science and society series
504 ## - BIBLIOGRAPHY, ETC. NOTE
Bibliography, etc Includes bibliography and index.
650 #0 - SUBJECT ADDED ENTRY--TOPICAL TERM
Topical term or geographic name as entry element Medical genetics.
9 (RLIN) 18928
942 ## - ADDED ENTRY ELEMENTS (KOHA)
Source of classification or shelving scheme Dewey Decimal Classification
Koha item type Books
Holdings
Lost status Source of classification or shelving scheme Damaged status Not for loan Collection code Permanent Location Current Location Shelving location Date acquired Source of acquisition Cost, normal purchase price Total Checkouts Full call number Date last seen Copy number Koha item type
  Dewey Decimal Classification     Non-fiction Central Library, University of Rajshahi Central Library, University of Rajshahi   06/08/1986 Karim International 12.00   616.042 VOH 1972 08/01/2014 C-2 Books
  Dewey Decimal Classification     Non-fiction Central Library, University of Rajshahi Central Library, University of Rajshahi   06/08/1986 Karim int. 12.00   616.042 VOH 1972 22/08/2016 C-3 Books